| 000 | 01024nam a22003497a 4500 | ||
|---|---|---|---|
| 003 | CHAP | ||
| 005 | 20220329143534.0 | ||
| 008 | 100422s2003 us a r 00010 eng d | ||
| 010 | _a98217 | ||
| 011 | _a99189 | ||
| 020 | _a0201799375 | ||
| 035 | _a109874 | ||
| 040 | _cCHAP | ||
| 082 | 1 | 0 |
_a515.1 _bK14 2003 |
| 100 | 0 | 0 |
_aKaplan, Wilfred. _962717 |
| 245 | 1 | 0 |
_aAdvanced calculus _c/por Wilfred Kaplan |
| 250 | _a5 ed | ||
| 260 |
_aUSA : _bAddison Wesley _c2003 |
||
| 300 |
_axviv, 741 p. : _bilus. |
||
| 590 |
_aBATCH-UPD _b10 _c20130110 _lUCH01 _h1539 |
||
| 590 |
_aBATCH-UPD _b10 _c20130410 _lUCH01 _h0942 |
||
| 590 |
_aBATCH-UPD _b10 _c20130914 _lUCH01 _h0952 |
||
| 590 |
_aCONVERSION _b10 _c20130109 _lUCH01 _h1354 |
||
| 650 | 1 | 4 |
_aAnalisis vectorial. _95995 |
| 650 | 1 | 4 |
_aCálculo. _923990 |
| 650 | 1 | 4 |
_aMatrices. _973047 |
| 650 | 1 | 4 |
_aVariables complejas. _9118139 |
| 901 | _aBK | ||
| 911 | _aen proceso | ||
| 942 | _cLIBRO | ||
| 949 |
_a515.1 K14 2003 _bBC _cLIBRO _d33724002167991 _eLIBRO _gI.c/e _h112355 _i109874 _sb |
||
| 999 |
_c98217 _d98217 |
||